<?xml version="1.0" encoding="UTF-8"?>
<record
    xmlns:xsi="http://www.w3.org/2001/XMLSchema-instance"
    xsi:schemaLocation="http://www.loc.gov/MARC21/slim http://www.loc.gov/standards/marcxml/schema/MARC21slim.xsd"
    xmlns="http://www.loc.gov/MARC21/slim">

  <leader>01447nam0a2200337   4500</leader>
  <controlfield tag="001">RU\NLR\BIBL_A\022420113</controlfield>
  <controlfield tag="005">20250227171716.0</controlfield>
  <datafield tag="010" ind1=" " ind2=" ">
    <subfield code="a">978-5-00246-131-8</subfield>
    <subfield code="9">100</subfield>
  </datafield>
  <datafield tag="021" ind1=" " ind2=" ">
    <subfield code="a">RU</subfield>
    <subfield code="b">&#x41A;&#x41D;-&#x41F;-24-060088</subfield>
    <subfield code="9">&#x41A;&#x41D;-&#x41F;-24-5973</subfield>
  </datafield>
  <datafield tag="035" ind1=" " ind2=" ">
    <subfield code="a">(NLR Aleph) 022420113</subfield>
  </datafield>
  <datafield tag="090" ind1=" " ind2=" ">
    <subfield code="a">13338194</subfield>
    <subfield code="c">13338194</subfield>
  </datafield>
  <datafield tag="100" ind1=" " ind2=" ">
    <subfield code="a">20241224d2024    u  y0rusy50      ca</subfield>
  </datafield>
  <datafield tag="101" ind1="0" ind2=" ">
    <subfield code="a">rus</subfield>
  </datafield>
  <datafield tag="102" ind1=" " ind2=" ">
    <subfield code="a">RU</subfield>
  </datafield>
  <datafield tag="105" ind1=" " ind2=" ">
    <subfield code="a">a   z   000ay</subfield>
  </datafield>
  <datafield tag="181" ind1=" " ind2="0">
    <subfield code="a">i </subfield>
    <subfield code="b">xxxe  </subfield>
  </datafield>
  <datafield tag="182" ind1=" " ind2="0">
    <subfield code="a">n</subfield>
  </datafield>
  <datafield tag="200" ind1="1" ind2=" ">
    <subfield code="a">&#x414;&#x43E;&#x43B;&#x433;&#x43E;&#x436;&#x434;&#x430;&#x43D;&#x43D;&#x43E;&#x435; &#x43F;&#x440;&#x43E;&#x434;&#x43E;&#x43B;&#x436;&#x435;&#x43D;&#x438;&#x435; &#x441;&#x43A;&#x430;&#x437;&#x43E;&#x43A;-&#x434;&#x435;&#x442;&#x435;&#x43A;&#x442;&#x438;&#x432;&#x43E;&#x432; &#x43E; &#x447;&#x438;&#x445;&#x443;&#x430;&#x445;&#x443;&#x430; &#x41F;&#x438;&#x43D;&#x43A;&#x438; &#x438; &#x435;&#x451; &#x434;&#x440;&#x443;&#x437;&#x44C;&#x44F;&#x445;</subfield>
    <subfield code="f">&#x412;&#x43E;&#x440;&#x43E;&#x43D;&#x43A;&#x435;&#x432;&#x438;&#x447; &#x415;. &#x410;.</subfield>
  </datafield>
  <datafield tag="203" ind1=" " ind2=" ">
    <subfield code="a">&#x422;&#x435;&#x43A;&#x441;&#x442;</subfield>
    <subfield code="b">&#x432;&#x438;&#x437;&#x443;&#x430;&#x43B;&#x44C;&#x43D;&#x44B;&#x439;</subfield>
    <subfield code="c">&#x43D;&#x435;&#x43F;&#x43E;&#x441;&#x440;&#x435;&#x434;&#x441;&#x442;&#x432;&#x435;&#x43D;&#x43D;&#x44B;&#x439;</subfield>
  </datafield>
  <datafield tag="210" ind1=" " ind2=" ">
    <subfield code="a">&#x41C;&#x43E;&#x441;&#x43A;&#x432;&#x430;</subfield>
    <subfield code="c">&#x423; &#x41D;&#x438;&#x43A;&#x438;&#x442;&#x441;&#x43A;&#x438;&#x445; &#x432;&#x43E;&#x440;&#x43E;&#x442;</subfield>
    <subfield code="d">2024</subfield>
  </datafield>
  <datafield tag="215" ind1=" " ind2=" ">
    <subfield code="a">121, [2] &#x441;.</subfield>
    <subfield code="c">&#x438;&#x43B;.</subfield>
    <subfield code="d">18</subfield>
  </datafield>
  <datafield tag="300" ind1=" " ind2=" ">
    <subfield code="a">&#x41D;&#x430; 4-&#x439; &#x441;. &#x43E;&#x431;&#x43B;. &#x432; &#x43F;&#x43E;&#x434;&#x43F;&#x438;&#x441;&#x438; &#x43F;&#x43E;&#x434; &#x43E;&#x431;&#x440;&#x430;&#x449;&#x435;&#x43D;&#x438;&#x435;&#x43C; &#x43A; &#x447;&#x438;&#x442;&#x430;&#x442;&#x435;&#x43B;&#x44F;&#x43C;: &#x430;&#x432;&#x442;. &#x441;&#x43A;&#x430;&#x437;&#x43E;&#x447;. &#x434;&#x435;&#x442;&#x435;&#x43A;&#x442;&#x438;&#x432;&#x43E;&#x432; &#x417;&#x43E;&#x43B;&#x43E;&#x442;&#x430;&#x44F; &#x421;&#x43E;&#x431;&#x430;&#x447;&#x43A;&#x430; &#x413;&#x43E;&#x43B;&#x434;&#x438;</subfield>
  </datafield>
  <datafield tag="333" ind1=" " ind2=" ">
    <subfield code="a">12+</subfield>
  </datafield>
  <datafield tag="488" ind1=" " ind2="0">
    <subfield code="1">2001#$a&#x421;&#x431;&#x43E;&#x440;&#x43D;&#x438;&#x43A; &#x441;&#x43A;&#x430;&#x437;&#x43E;&#x43A;-&#x434;&#x435;&#x442;&#x435;&#x43A;&#x442;&#x438;&#x432;&#x43E;&#x432; &#x43E; &#x447;&#x438;&#x445;&#x443;&#x430;&#x445;&#x443;&#x430; &#x41F;&#x438;&#x43D;&#x43A;&#x438; &#x438; &#x435;&#x451; &#x434;&#x440;&#x443;&#x437;&#x44C;&#x44F;&#x445;</subfield>
  </datafield>
  <datafield tag="686" ind1="0" ind2=" ">
    <subfield code="a">&#x428;9(2)62=&#x420;7-2</subfield>
  </datafield>
  <datafield tag="700" ind1=" " ind2="1">
    <subfield code="a">&#x412;&#x43E;&#x440;&#x43E;&#x43D;&#x43A;&#x435;&#x432;&#x438;&#x447;</subfield>
    <subfield code="b">&#x415;. &#x410;.</subfield>
    <subfield code="g">&#x415;&#x43B;&#x435;&#x43D;&#x430; &#x410;&#x43B;&#x435;&#x43A;&#x441;&#x430;&#x43D;&#x434;&#x440;&#x43E;&#x432;&#x43D;&#x430;</subfield>
    <subfield code="3">RU\NLR\AUTH\770277485</subfield>
  </datafield>
  <datafield tag="942" ind1=" " ind2=" ">
    <subfield code="c">BOOK</subfield>
  </datafield>
  <datafield tag="980" ind1=" " ind2=" ">
    <subfield code="a">NB</subfield>
  </datafield>
  <datafield tag="995" ind1=" " ind2=" ">
    <subfield code="5">2024-12-24</subfield>
    <subfield code="a">ad</subfield>
    <subfield code="b">NLR01</subfield>
    <subfield code="c">NLR01</subfield>
    <subfield code="e">RF81</subfield>
    <subfield code="f">1-4835510</subfield>
    <subfield code="k">2024-3/25279</subfield>
    <subfield code="o">0</subfield>
    <subfield code="r">BOOK</subfield>
    <subfield code="s">2024325279_</subfield>
  </datafield>
</record>
